<?xml version="1.0" encoding="UTF-8"?>
<record
    xmlns:xsi="http://www.w3.org/2001/XMLSchema-instance"
    xsi:schemaLocation="http://www.loc.gov/MARC21/slim http://www.loc.gov/standards/marcxml/schema/MARC21slim.xsd"
    xmlns="http://www.loc.gov/MARC21/slim">

  <leader>01508nam a22002057a 4500</leader>
  <controlfield tag="005">20220420093041.0</controlfield>
  <controlfield tag="008">220411b           ||||| |||| 00| 0 eng d</controlfield>
  <datafield tag="020" ind1=" " ind2=" ">
    <subfield code="a">9781471199103</subfield>
  </datafield>
  <datafield tag="040" ind1=" " ind2=" ">
    <subfield code="c">AL</subfield>
  </datafield>
  <datafield tag="041" ind1=" " ind2=" ">
    <subfield code="a">eng</subfield>
  </datafield>
  <datafield tag="082" ind1=" " ind2=" ">
    <subfield code="2">23</subfield>
    <subfield code="a">823.92</subfield>
    <subfield code="b">MCKH</subfield>
  </datafield>
  <datafield tag="100" ind1=" " ind2=" ">
    <subfield code="a">Sophie Mckenzie</subfield>
    <subfield code="9">29234</subfield>
  </datafield>
  <datafield tag="245" ind1=" " ind2=" ">
    <subfield code="a">Hide and secrets</subfield>
  </datafield>
  <datafield tag="260" ind1=" " ind2=" ">
    <subfield code="a">UK</subfield>
    <subfield code="b">Simon &amp; Schuster</subfield>
    <subfield code="c">2021</subfield>
  </datafield>
  <datafield tag="300" ind1=" " ind2=" ">
    <subfield code="a">314p.</subfield>
    <subfield code="b">PB</subfield>
    <subfield code="c">19.5x13cm.</subfield>
  </datafield>
  <datafield tag="365" ind1=" " ind2=" ">
    <subfield code="2">General</subfield>
    <subfield code="a">6320</subfield>
    <subfield code="b">&#x20B9;311.22</subfield>
    <subfield code="c">&#x20B9;</subfield>
    <subfield code="d">&#x20B9;399.00</subfield>
    <subfield code="e">22%</subfield>
    <subfield code="f">8-03-2022</subfield>
  </datafield>
  <datafield tag="520" ind1=" " ind2=" ">
    <subfield code="a">A lonely girl, a missing father and a trail of lies From the bestselling author of top-ten blockbuster Girl, Missing comes an explosive new teen thriller  for fans of A Good Girl's Guide to Murder and Riverdale. Fourteen-year-old Cat is facing a lonely summer. Her father is missing  presumed dead  her mother has retreated into her own world and her little sister, Bess, refuses to speak. But when a boy and his father come to stay nearby for the holidays, Cat finds herself opening up to the handsome Tyler. Discovering some long-buried information, Cat and Tyler begin to unravel the trail of lies around her father&#x2019;s disappearance &#x2013; a journey that will take them cross-country, uncover a dangerous gang, and a plot to steal a priceless jewel. With secrets exposed, will Cat be able to begin to mend her family. An edge-of-your-seat drama from the queen of teen thrillers, Hide and Secrets will have you looking for answers in every corner .</subfield>
  </datafield>
  <datafield tag="650" ind1=" " ind2=" ">
    <subfield code="2">Literature </subfield>
    <subfield code="a">English Fiction</subfield>
    <subfield code="9">29235</subfield>
  </datafield>
  <datafield tag="942" ind1=" " ind2=" ">
    <subfield code="2">ddc</subfield>
    <subfield code="c">BK</subfield>
  </datafield>
  <datafield tag="999" ind1=" " ind2=" ">
    <subfield code="c">222348</subfield>
    <subfield code="d">222348</subfield>
  </datafield>
  <datafield tag="952" ind1=" " ind2=" ">
    <subfield code="0">0</subfield>
    <subfield code="1">0</subfield>
    <subfield code="2">ddc</subfield>
    <subfield code="4">0</subfield>
    <subfield code="7">0</subfield>
    <subfield code="8">MAENG</subfield>
    <subfield code="a">SACPG</subfield>
    <subfield code="b">SACPG</subfield>
    <subfield code="d">2022-03-11</subfield>
    <subfield code="e">Biblios Book Point</subfield>
    <subfield code="g">311.22</subfield>
    <subfield code="l">6</subfield>
    <subfield code="o">823.92 MCKH</subfield>
    <subfield code="p">PG023844</subfield>
    <subfield code="r">2026-03-14 12:22:23</subfield>
    <subfield code="s">2026-03-06</subfield>
    <subfield code="v">399.00</subfield>
    <subfield code="w">2022-03-08</subfield>
    <subfield code="y">BK</subfield>
  </datafield>
</record>
